| 000 | 00421nam a2200157Ia 4500 | ||
|---|---|---|---|
| 008 | 221030s9999 xx 000 0 und d | ||
| 020 | _a8170083117 | ||
| 041 | _aEnglish | ||
| 082 |
_a105.23 _bBan |
||
| 100 | _aR. K. Bansal | ||
| 245 | 2 |
_aA Text Book Of Fluid Mechanics & Hydraulic Machines S. I. Units _cby R. K. Bansal |
|
| 260 |
_bLaxmi Pub _aNew Delhi _c2005 |
||
| 300 | _a1093 | ||
| 650 | _aMechanical | ||
| 942 | _cBK | ||
| 999 |
_c4118 _d4118 |
||